| 000 | 00873cam a2200289 4500 | ||
|---|---|---|---|
| 001 | 3609829 | ||
| 005 | 20260421093044.0 | ||
| 008 | 720915m19711974enk d 000 0 eng | ||
| 010 | _a 72189020 | ||
| 020 | _a0421142901 | ||
| 020 | _a9780421142909 | ||
| 035 | _a3609829 | ||
| 040 |
_aDLC _cDLC _dDLC |
||
| 043 | _ae-uk--- | ||
| 082 | _a340.03 JAM | ||
| 100 | 1 | _aStroud, Frederick | |
| 245 | 0 | 0 |
_aStroud's judicial dictionary of words and phrases, volumes 1-5 / _cFrederick Stroud and John S. James |
| 250 | _a4th ed. | ||
| 260 |
_aLondon : _bSweet & Maxwell, _c1974. |
||
| 300 |
_a5 v. ; _c26 cm. |
||
| 365 | _bGratis | ||
| 650 | 0 |
_aLaw _zGreat Britain _xDictionaries. |
|
| 700 | 1 | _aJames, John S. | |
| 906 |
_a7 _bcbc _corignew _d3 _encip _f19 _gy-gencatlg |
||
| 942 |
_2ddc _cBK |
||
| 999 |
_c19281 _d19281 |
||